000 00648nam a2200229 4500
999 _c43252
_d43252
001 3154717
005 20180913093219.0
008 720229t19721971nyu b 001 0 eng
010 _a 74162056
020 _a0823611957
040 _aDLC
_cDLC
_dDLC
100 1 _aJacobson, Edith.
245 1 0 _aDepression;
_bcomparative studies of normal, neurotic, and psychotic conditions.
260 _aNew York,
_bInternational Universities Press
_cc1971.
300 _aix, 353 p.
_c24 cm.
336 _atext
337 _aunmediated
338 _avolume
504 _aBibliography: p. 325-336.
650 0 _aDepression, Mental.
942 _2lcc
_cBK